EPISODIOS DE LA REVOLUCION MEXICANA (Registro nro. 1163)
[ vista simple ]
| 000 -LEADER | |
|---|---|
| fixed length control field | 00451nam a2200169 a 4500 |
| 001 - CONTROL NUMBER | |
| control field | 1163 |
| 005 - DATE AND TIME OF LATEST TRANSACTION | |
| control field | 20180713181232.0 |
| 008 - FIXED-LENGTH DATA ELEMENTS--GENERAL INFORMATION | |
| fixed length control field | 140415s1988 mx 000 0 spa d |
| 041 ## - LANGUAGE CODE | |
| Language code of text/sound track or separate title | spa |
| 082 ## - DEWEY DECIMAL CLASSIFICATION NUMBER | |
| Classification number | 972.061 |
| Item number | ALV |
| 100 1# - MAIN ENTRY--PERSONAL NAME | |
| Personal name | ALVEAR ACEVEDO, CARLOS |
| 245 10 - TITLE STATEMENT | |
| Title | EPISODIOS DE LA REVOLUCION MEXICANA |
| 250 ## - EDITION STATEMENT | |
| Edition statement | 1a ed. |
| 260 ## - PUBLICATION, DISTRIBUTION, ETC. | |
| Place of publication, distribution, etc. | MEXICO : |
| Name of publisher, distributor, etc. | JUS, |
| Date of publication, distribution, etc. | 1988 |
| 300 ## - PHYSICAL DESCRIPTION | |
| Extent | 347 |
| 650 14 - SUBJECT ADDED ENTRY--TOPICAL TERM | |
| Topical term or geographic name entry element | MEXICO |
| General subdivision | HISTORIA |
| -- | REVOLUCION, 1910 |
| -- | 1917 |
| Withdrawn status | Lost status | Source of classification or shelving scheme | Damaged status | Not for loan | Collection code | Home library | Current library | Shelving location | Date acquired | Source of acquisition | Inventory number | Total Checkouts | Full call number | Barcode | Date last seen | Date last checked out | Price effective from | Koha item type |
|---|---|---|---|---|---|---|---|---|---|---|---|---|---|---|---|---|---|---|
| Dewey Decimal Classification | General | Biblioteca Karol Wojtyla | Biblioteca Karol Wojtyla | Sala general | 03/12/2013 | Compra | 151000000000000000037811 | 1 | 972.061 ALV | 11491 | 05/01/2026 | 19/11/2019 | 03/12/2013 | Libro |